00273nam a2200121Ia 45000030006000000080041000060400015000471000012000622450039000742600009001135460012001220050017001340STCL150530s9999 xx 000 0 und d aSTCLcSTCL aStevens aCollected poems of Wallace Stevens c1974 aEnglish20220125171338.0